Sports Quiz

Random Sports or NBA Quiz

Detroit Pistons All-Time Leaders Quiz Stats

 Plays Quiz Updated Apr 16, 2018

Challenge
Share
Tweet
Embed
Score 0/50 Timer 06:00
1 Play Today
Category Player % Correct
PointsIsiah Thomas
96.2%
AssistsIsiah Thomas
96.2%
StealsIsiah Thomas
96.2%
ReboundsBen Wallace
90.7%
StealsBen Wallace
90.7%
BlocksBen Wallace
90.7%
BlocksRasheed Wallace
90.4%
AssistsChauncey Billups
85.9%
PointsJoe Dumars
85.3%
AssistsJoe Dumars
85.3%
StealsJoe Dumars
85.3%
PointsRichard Hamilton
82.3%
AssistsRichard Hamilton
82.3%
ReboundsBill Laimbeer
79.4%
PointsBill Laimbeer
79.4%
StealsBill Laimbeer
79.4%
BlocksBill Laimbeer
79.4%
ReboundsDennis Rodman
78.9%
ReboundsAndre Drummond
71.8%
BlocksAndre Drummond
71.8%
PointsTayshaun Prince
70.6%
AssistsTayshaun Prince
70.6%
PointsGrant Hill
57.1%
AssistsGrant Hill
57.1%
StealsGrant Hill
57.1%
Category Player % Correct
PointsVinnie Johnson
53.1%
AssistsVinnie Johnson
53.1%
StealsVinnie Johnson
53.1%
BlocksDennis Rodman
52.6%
PointsDave Bing
42.9%
AssistsDave Bing
42.9%
ReboundsBob Lanier
42.9%
PointsBob Lanier
42.9%
AssistsBob Lanier
42.8%
BlocksBob Lanier
42.8%
BlocksTayshaun Prince
42.3%
BlocksJason Maxiell
38.3%
BlocksJohn Salley
37.7%
AssistsLindsey Hunter
20.8%
StealsLindsey Hunter
20.8%
ReboundsDave DeBusschere
14%
PointsJohn Long
11.2%
StealsJohn Long
11.2%
ReboundsBailey Howell
6.9%
StealsTerry Tyler
6.4%
BlocksTerry Tyler
6.4%
ReboundsLarry Foust
4.5%
ReboundsRay Scott
4%
StealsChris Ford
4%
ReboundsWalter Dukes
3.2%

You're not logged in!

Compare scores with friends on all Sporcle quizzes.
OR
Log In

You Might Also Like...

Show Comments

Extras

Top Quizzes Today


Score Distribution

Your Account Isn't Verified!

In order to create a playlist on Sporcle, you need to verify the email address you used during registration. Go to your Sporcle Settings to finish the process.

Report this User

Report this user for behavior that violates our Community Guidelines.

Details: